000
00425nam a2200145Ia 4500
008
090124s9999 xx 000 0 und d
082
_b
201678
245
_a
माझे विद्यापीठ
250
_a
1
260
_b
सुर्वे नारायण
_c
1970
300
_a
64
630
_a
माझे विद्यापीठ
730
_a
माझे विद्यापीठ
942
_c
BOOK
999
_c
183259
_d
183259